| 000 | 00752nam a2200241 i 4500 | ||
|---|---|---|---|
| 001 | 77031 | ||
| 003 | ES-MaACL | ||
| 005 | 20240524180426.0 | ||
| 007 | t| | ||
| 008 | 041006s1968 sp |||| | spa d | ||
| 080 | _a376.545 | ||
| 100 | 1 |
_aGutiérrez, Manuel M. _9153041 |
|
| 245 | 1 | 3 |
_aEl superdotado y sus problemas escolares / _cManuel M. Gutiérrez ; [traduce, Paloma García de Herreros y Beladiez]. |
| 260 |
_a[Madrid : _bLa Muralla, _c1968] |
||
| 300 |
_a188 p. ; _c19 cm. |
||
| 490 | 1 |
_aAnástasis ; _v2 |
|
| 650 | 7 |
_aPersonas superdotadas _9233768 _2embne |
|
| 700 | 1 |
_aGarcía de Herreros y Beladiez, Paloma. _954435 |
|
| 830 | 0 |
_aAnástasis ; _v2 _9184357 |
|
| 852 |
_aES-MaACL _jC-51480 |
||
| 942 | _2udc | ||
| 999 |
_c77031 _d77031 |
||